[Event "TV2 Fagernes International 2018"]
[Site "Scandic Hotel Fagernes"]
[Date "2018.03.25"]
[Round "4"]
[White "Skrede, Alexander"]
[Black "Bernstein, Jonas August"]
[Result "1/2-1/2"]
[WhiteElo "1242"]
[BlackElo "1637"]
[PlyCount "111"]
[EventDate "2018.??.??"]

1. e4 c6 2. Ne2 d5 3. e5 c5 4. d4 cxd4 5. Nxd4 e6 6. Bb5+ Bd7 7. Bxd7+ Qxd7 8.
O-O Ne7 9. Bg5 Ng6 10. Qe2 Bc5 11. c3 Nc6 12. Nxc6 bxc6 13. Nd2 a5 14. Rfd1 Qa7
15. Nb3 Bb6 16. Nd4 Qb7 17. c4 Bxd4 18. Rxd4 c5 19. Rd2 d4 20. Rd3 h6 21. Rb3
Qc7 22. Qe4 O-O 23. Bf4 Nxf4 24. Qxf4 f6 25. Qe4 Qxe5 26. Qxe5 fxe5 27. Re1
Rab8 28. Rxe5 Rxb3 29. axb3 Rb8 30. Rxc5 Rxb3 31. Rb5 Rb4 32. Rxb4 axb4 33. c5
Kf8 34. Kf1 Ke7 35. Ke2 Kd7 36. Kd3 e5 37. f4 exf4 38. Kxd4 g5 39. h3 Kc6 40.
b3 h5 41. Ke4 Kxc5 42. Ke5 g4 43. hxg4 hxg4 44. Kxf4 Kd4 45. Kxg4 Kc3 46. Kh5
Kxb3 47. g4 Kc3 48. g5 b3 49. g6 b2 50. g7 b1=Q 51. g8=Q Qh1+ 52. Kg6 Qg2+ 53.
Kh7 Qh3+ 54. Kg7 Qg4+ 55. Kh7 Qh5+ 56. Kg7
1/2-1/2

[Event "TV2 Fagernes International 2018"]
[Site "Scandic Hotel Fagernes"]
[Date "2018.03.25"]
[Round "4"]
[White "Gjære, Vidar"]
[Black "Smedsrud, Morten S"]
[Result "1/2-1/2"]
[WhiteElo "1623"]
[BlackElo "1349"]
[PlyCount "75"]
[EventDate "2018.??.??"]

1. d4 Nf6 2. Nf3 e6 3. Bf4 c5 4. e3 Nc6 5. c3 Be7 6. Nbd2 cxd4 7. exd4 d6 8.
Qc2 b6 9. Bd3 Bb7 10. Ne4 Rc8 11. Nxf6+ Bxf6 12. Qd2 h6 13. h4 Qe7 14. Qe2 Kd7
15. Ba6 Bxa6 16. Qxa6 e5 17. dxe5 Nxe5 18. Nxe5+ Bxe5 19. Qb5+ Rc6 20. Bxe5
Qxe5+ 21. Qxe5 dxe5 22. O-O-O+ Rd6 23. Kc2 Rd8 24. Rxd6+ Kxd6 25. Rd1+ Ke7 26.
Rxd8 Kxd8 27. Kd3 Kd7 28. Ke4 Ke6 29. g4 g6 30. c4 f5+ 31. gxf5+ gxf5+ 32. Ke3
Kd6 33. b4 a5 34. a3 a4 35. f3 h5 36. Kd3 Kc6 37. Ke3 Kd6 38. Kd3
1/2-1/2

[Event "TV2 Fagernes International 2018"]
[Site "Scandic Hotel Fagernes"]
[Date "2018.03.25"]
[Round "4"]
[White "Selvik, Kjetil"]
[Black "Evenshaug, Amadeus Hestvik"]
[Result "1-0"]
[WhiteElo "1535"]
[BlackElo "1327"]
[PlyCount "120"]
[EventDate "2018.??.??"]

1. c4 e5 2. g3 Nf6 3. Bg2 g6 4. Nc3 Bg7 5. d3 d6 6. Bg5 O-O 7. Qd2 Nc6 8. e3 h6
9. Bxf6 Qxf6 10. Nd5 Qd8 11. Ne2 Be6 12. O-O Bxd5 13. Bxd5 Kh7 14. b4 Qc8 15.
Rab1 Ne7 16. Bg2 c6 17. Nc3 Qg4 18. Ne4 d5 19. cxd5 cxd5 20. Nc3 d4 21. Nd5
Nxd5 22. Bxd5 dxe3 23. fxe3 Qd7 24. e4 Rac8 25. Rbc1 Rxc1 26. Qxc1 f5 27. Qd1
Qb5 28. a3 fxe4 29. Rxf8 Bxf8 30. Bxe4 b6 31. Qg4 Qe8 32. h4 Kg7 33. h5 g5 34.
Bg6 Qc6 35. Qf5 Qf6 36. Qd7+ Qe7 37. Qxe7+ Bxe7 38. g4 Kf6 39. Kf2 Ke6 40. Ke3
Kd5 41. Bf7+ Kc6 42. Ke4 Kd6 43. Kf5 a5 44. bxa5 bxa5 45. a4 Bf8 46. Kf6 Be7+
47. Kg7 Kc5 48. Kxh6 Bf6 49. Kg6 Bh8 50. Kxg5 Kd4 51. Bg6 Kc3 52. Kh6 Kb4 53.
Be8 Kc3 54. Bb5 Kd4 55. g5 e4 56. dxe4 Kxe4 57. g6 Kf5 58. g7 Bxg7+ 59. Kxg7
Kg5 60. h6 Kh5
1-0

[Event "TV2 Fagernes International 2018"]
[Site "Scandic Hotel Fagernes"]
[Date "2018.03.25"]
[Round "4"]
[White "Lie, Terje"]
[Black "Strømhaug, Kristoffer Wang"]
[Result "0-1"]
[WhiteElo "1503"]
[BlackElo "1472"]
[PlyCount "106"]
[EventDate "2018.??.??"]

1. d4 Nf6 2. c4 g6 3. Nc3 Bg7 4. Nf3 O-O 5. Bf4 d6 6. Qd2 Nbd7 7. Bh6 c5 8.
Bxg7 Kxg7 9. d5 Qc7 10. Ng5 Ne5 11. b3 a6 12. Nge4 Nxe4 13. Nxe4 b5 14. f4 Nd7
15. e3 Nf6 16. Nxf6 exf6 17. Bd3 bxc4 18. Bxc4 Re8 19. O-O Bf5 20. Rae1 Re7 21.
Bd3 Bxd3 22. Qxd3 a5 23. g4 Qd7 24. h3 a4 25. f5 g5 26. Rb1 axb3 27. axb3 Rae8
28. Rfe1 Qb7 29. e4 Qb4 30. Qg3 Qd4+ 31. Kf1 Qe5 32. Qf3 Qf4 33. Kf2 Rxe4 34.
Rxe4 Rxe4 35. Qxf4 Rxf4+ 36. Ke2 Rd4 37. Rd1 Rb4 38. Rd3 Re4+ 39. Kf3 Re5 40.
Kg3 Kf8 41. Kf3 Ke7 42. Re3 Rxe3+ 43. Kxe3 Kd7 44. Kd3 Kc7 45. Kc4 Kb6 46. b4
cxb4 47. Kxb4 h6 48. Kb3 Kc5 49. Kc3 Kxd5 50. Kd3 Ke5 51. Ke3 d5 52. Ke2 Ke4
53. Kd2 Kf3
0-1

[Event "TV2 Fagernes International 2018"]
[Site "Scandic Hotel Fagernes"]
[Date "2018.03.25"]
[Round "4"]
[White "Larsen, Per Magnus"]
[Black "Ji, Jiahao Eric"]
[Result "0-1"]
[WhiteElo "1357"]
[BlackElo "1462"]
[PlyCount "90"]
[EventDate "2018.??.??"]

1. d4 Nf6 2. c4 g6 3. Nc3 Bg7 4. e4 d6 5. Bg5 O-O 6. Be2 c5 7. d5 Nbd7 8. Qd2
b6 9. Nf3 Bb7 10. Bh6 a6 11. Bxg7 Kxg7 12. O-O Qc7 13. Rfe1 Rh8 14. Qf4 Rab8
15. Bd3 h6 16. e5 Nh5 17. Qe3 Nxe5 18. Nxe5 dxe5 19. Qxe5+ Qxe5 20. Rxe5 Rhe8
21. Rae1 Kf6 22. g3 e6 23. Bf1 Ng7 24. R5e3 Nf5 25. Re4 Nd4 26. Rf4+ Kg7 27.
Bg2 f5 28. Rh4 g5 29. Rh3 g4 30. Rh4 exd5 31. Kf1 Rxe1+ 32. Kxe1 Re8+ 33. Kd2
b5 34. Nd1 Re2+ 35. Kd3 b4 36. cxd5 a5 37. Ne3 Ba6+ 38. Nc4 Rxf2 39. d6 Bb5 40.
Bd5 Rxb2 41. Ke3 Re2+ 42. Kf4 Rf2+ 43. Ke5 Re2+ 44. Kf4 Bxc4 45. Bxc4 Re4# 
0-1

[Event "TV2 Fagernes International 2018"]
[Site "Scandic Hotel Fagernes"]
[Date "2018.03.25"]
[Round "4"]
[White "Shehzad, Alina"]
[Black "Ruud, Christian Holmboe"]
[Result "0-1"]
[WhiteElo "1073"]
[BlackElo "1252"]
[PlyCount "90"]
[EventDate "2018.??.??"]

1. e4 d5 2. exd5 Qxd5 3. Nc3 Qd6 4. Nf3 Bg4 5. Bc4 c6 6. d3 Nf6 7. h3 Bh5 8.
O-O e6 9. Re1 Be7 10. Bd2 O-O 11. Be3 Nbd7 12. d4 Bd8 13. Be2 Bc7 14. g3 Nb6
15. Bf4 Qd7 16. Bxc7 Qxc7 17. Nh4 Bxe2 18. Qxe2 Nbd5 19. Nxd5 Nxd5 20. Qd3 Nb4
21. Qe4 Rfe8 22. c3 f5 23. Qf3 Nc2 24. Rac1 Nxe1 25. Rxe1 Re7 26. Qh5 Rae8 27.
Nf3 h6 28. Re5 b6 29. g4 c5 30. gxf5 exf5 31. Rxf5 Rf8 32. Rxf8+ Kxf8 33. Ne5
Kg8 34. Ng6 Re1+ 35. Kg2 cxd4 36. cxd4 Qb7+ 37. Kg3 Rg1+ 38. Kh4 Qe4+ 39. Qg4
Rxg4+ 40. hxg4 Qxg6 41. Kg3 Qd3+ 42. Kh4 Kf7 43. b3 Kf6 44. a4 g5+ 45. Kh5 Qh3#
0-1

[Event "TV2 Fagernes International 2018"]
[Site "Scandic Hotel Fagernes"]
[Date "2018.03.25"]
[Round "5"]
[White "Mihajlov, Svetoslav"]
[Black "Shehzad, Shazil"]
[Result "1-0"]
[WhiteElo "2197"]
[BlackElo "1912"]
[PlyCount "81"]
[EventDate "2018.??.??"]

1. e4 c5 2. Nf3 Nc6 3. d4 cxd4 4. Nxd4 e5 5. Nb5 a6 6. Nd6+ Bxd6 7. Qxd6 Qf6 8.
Qc7 Nge7 9. c4 O-O 10. Be3 b5 11. Nc3 Rb8 12. O-O-O b4 13. Nd5 Nxd5 14. Rxd5
Rb7 15. Qd6 Qd8 16. Be2 Nd4 17. Bd3 f6 18. Bxd4 exd4 19. Rxd4 Rb6 20. Qd5+ Kh8
21. c5 Rc6 22. Qxc6 dxc6 23. Rxd8 Rxd8 24. Kd2 Be6 25. Ke3 a5 26. a3 bxa3 27.
bxa3 Rb8 28. Rb1 Rxb1 29. Bxb1 Kg8 30. Kd4 Kf7 31. f4 Ke7 32. Kc3 Kd8 33. Bd3
Kc7 34. Bc4 Bc8 35. Kb3 Kb7 36. Ka4 Ka7 37. Kxa5 Bd7 38. e5 fxe5 39. fxe5 Be8
40. Bg8 h6 41. e6
1-0

[Event "TV2 Fagernes International 2018"]
[Site "Scandic Hotel Fagernes"]
[Date "2018.03.25"]
[Round "5"]
[White "Løbersli, Henrik Øie"]
[Black "Aroven, Mikael"]
[Result "1-0"]
[WhiteElo "2081"]
[BlackElo "2121"]
[PlyCount "87"]
[EventDate "2018.??.??"]

1. e4 c5 2. Nf3 Nc6 3. d4 cxd4 4. Nxd4 Nf6 5. Nc3 e5 6. Ndb5 d6 7. Bg5 a6 8.
Na3 b5 9. Nd5 Be7 10. Bxf6 Bxf6 11. g3 O-O 12. Bg2 Be6 13. c3 Bg5 14. O-O Ne7
15. Qd3 Nxd5 16. exd5 Bd7 17. f4 Qb6+ 18. Kh1 exf4 19. gxf4 Bf6 20. Nc2 a5 21.
a3 Rac8 22. Rfe1 Rc4 23. Be4 Qf2 24. Rf1 Qh4 25. Ne3 Ra4 26. Bf5 Bc8 27. Bxc8
Rxc8 28. Qf5 Re8 29. Ng2 Qh6 30. Rae1 Rd8 31. Qd7 g5 32. Qxb5 Rxf4 33. Nxf4
gxf4 34. Re8+ Rxe8 35. Qxe8+ Kg7 36. Rg1+ Bg5 37. Qe7 Kg6 38. Qxg5+ Qxg5 39.
Rxg5+ Kxg5 40. b4 f3 41. Kg1 Kf4 42. Kf2 Ke4 43. c4 Kd4 44. b5
1-0

[Event "TV2 Fagernes International 2018"]
[Site "Scandic Hotel Fagernes"]
[Date "2018.03.25"]
[Round "5"]
[White "Melaa, Sondre Lillestøl"]
[Black "Guddahl, Viggo"]
[Result "1-0"]
[WhiteElo "1844"]
[BlackElo "2072"]
[PlyCount "47"]
[EventDate "2018.??.??"]

1. d4 Nf6 2. Bf4 c5 3. d5 Qb6 4. Nc3 Qxb2 5. Bd2 Qb6 6. e4 e5 7. f4 d6 8. fxe5
dxe5 9. Rb1 Qd8 10. Nf3 Bd6 11. Bb5+ Bd7 12. Bg5 Bxb5 13. Nxb5 h6 14. Bxf6 Qxf6
15. O-O Qe7 16. Nh4 g6 17. Qg4 Nd7 18. Nxg6 Rg8 19. Nxe7 Rxg4 20. Nxd6+ Kxe7
21. Nf5+ Ke8 22. Rxb7 Rb8 23. Nd6+ Kd8 24. Nxf7+
1-0

[Event "TV2 Fagernes International 2018"]
[Site "Scandic Hotel Fagernes"]
[Date "2018.03.25"]
[Round "5"]
[White "Loberg, Jo Kristian"]
[Black "Mjaaland, Bendik"]
[Result "1-0"]
[WhiteElo "2060"]
[BlackElo "1694"]
[PlyCount "55"]
[EventDate "2018.??.??"]

1. e4 e5 2. Nf3 Nc6 3. d4 exd4 4. Bc4 Nf6 5. e5 d5 6. Bb5 Ne4 7. Nxd4 Bd7 8.
Bxc6 bxc6 9. O-O Bc5 10. f3 Ng5 11. f4 Ne4 12. Be3 Bb6 13. Nc3 Nxc3 14. bxc3
O-O 15. Qd2 Qe7 16. Rae1 Rae8 17. Nb3 Bf5 18. Qf2 Bxe3 19. Qxe3 Bxc2 20. Nc5
Bf5 21. h3 h5 22. g4 hxg4 23. hxg4 Bxg4 24. f5 Rb8 25. f6 gxf6 26. Rxf6 Bh5 27.
Qg5+ Bg6 28. Rxg6+
1-0

[Event "TV2 Fagernes International 2018"]
[Site "Scandic Hotel Fagernes"]
[Date "2018.03.25"]
[Round "5"]
[White "Darnell, Anton"]
[Black "Hagesæther, Arne"]
[Result "1/2-1/2"]
[WhiteElo "2029"]
[BlackElo "2002"]
[PlyCount "31"]
[EventDate "2018.??.??"]

1. e4 c6 2. d4 d5 3. exd5 cxd5 4. Bd3 Nf6 5. c3 Nc6 6. Bf4 Bg4 7. Qb3 Na5 8.
Qa4+ Bd7 9. Qc2 Nh5 10. Bg3 Qb6 11. a4 Qh6 12. Ne2 Nxg3 13. Nxg3 Rc8 14. Nd2 e6
15. O-O Bd6 16. Rfe1
1/2-1/2

[Event "TV2 Fagernes International 2018"]
[Site "Scandic Hotel Fagernes"]
[Date "2018.03.25"]
[Round "5"]
[White "Hoel, Mathias"]
[Black "Vitenberg, Noam Aviv"]
[Result "0-1"]
[WhiteElo "1842"]
[BlackElo "1975"]
[PlyCount "77"]
[EventDate "2018.??.??"]

1. d4 Nf6 2. c4 e6 3. Nf3 d5 4. g3 dxc4 5. Bg2 a6 6. O-O Nc6 7. e3 Nd5 8. Bd2
b5 9. b3 cxb3 10. Qxb3 Bb7 11. Rc1 Be7 12. a4 b4 13. a5 O-O 14. Be1 Rb8 15.
Nbd2 Nc3 16. Rc2 Na7 17. Ne5 Bxg2 18. Kxg2 c5 19. dxc5 Bxc5 20. Qc4 Bd6 21. Nd3
Rb5 22. Nb3 Qa8+ 23. f3 Rc8 24. Qh4 Qd5 25. Ndc1 Be5 26. Rd2 Qa8 27. e4 Bf6 28.
Qg4 Nxe4 29. Qxe4 Qxe4 30. fxe4 Bxa1 31. Nxa1 Rxa5 32. Nab3 Re5 33. Kf3 f5 34.
Ra2 Rxe4 35. Bd2 Nc6 36. Rxa6 Ne5+ 37. Kg2 Rc2 38. Rxe6 Nc4 39. Rc6
0-1

[Event "TV2 Fagernes International 2018"]
[Site "Scandic Hotel Fagernes"]
[Date "2018.03.25"]
[Round "5"]
[White "Hoem, Tor Wetle"]
[Black "Ski, Jonathan K"]
[Result "1-0"]
[WhiteElo "1953"]
[BlackElo "1841"]
[PlyCount "191"]
[EventDate "2018.??.??"]

1. e4 e6 2. b3 d5 3. e5 c5 4. Bb2 Nc6 5. f4 Nge7 6. Nf3 Nf5 7. Bd3 Be7 8. Bxf5
exf5 9. d4 cxd4 10. O-O O-O 11. Nxd4 Nxd4 12. Bxd4 Be6 13. Nd2 Qc7 14. Nf3 Rfc8
15. c3 a5 16. Qd3 Ra6 17. a3 Bc5 18. Rfc1 Rc6 19. Rd1 Bxd4+ 20. cxd4 Rc3 21.
Qb5 Rc2 22. Ne1 Rc3 23. b4 Ra8 24. Nd3 axb4 25. axb4 Rb8 26. Nc5 Qc6 27. Qa5 b6
28. Qa6 Rc8 29. b5 Qc7 30. Nd3 Qc4 31. Ne1 Rb3 32. Qxb6 Rxb5 33. Qa7 h6 34. Qa3
Rb3 35. Qa6 Rb2 36. Qxc4 dxc4 37. d5 Bd7 38. Rac1 Kf8 39. Rc3 Ke7 40. g3 Bb5
41. Nf3 g6 42. Nd4 Ba6 43. Rdc1 Rc5 44. d6+ Kd7 45. R1c2 Rxc2 46. Rxc2 Rd5 47.
Nf3 Kc6 48. Kf2 Kc5 49. Rd2 Rxd2+ 50. Nxd2 Bb5 51. Nb1 Kb4 52. Ke2 Kb3 53. Kd2
Bd7 54. Nc3 Be6 55. Nd1 Kb4 56. Kc2 Bd7 57. Ne3 Ba4+ 58. Kc1 Kc5 59. Kd2 Kd4
60. Nc2+ Kc5 61. Kc3 f6 62. Ne3 fxe5 63. fxe5 Kc6 64. Nxc4 Bb5 65. Kd4 g5 66.
Ne3 f4 67. gxf4 gxf4 68. Ng4 f3 69. Ke4 Be2 70. Nf2 Kd7 71. Kf5 Bb5 72. Kf4 Ke6
73. Ne4 Be2 74. h4 Bd1 75. Nc5+ Kf7 76. Nd3 Ke6 77. Nf2 Be2 78. Ng4 Bd1 79. Ke3
h5 80. Nf6 Kf7 81. Ne4 Ke6 82. Ng5+ Kd7 83. Nxf3 Ba4 84. Kf4 Bc6 85. Ng5 Bd5
86. Ne4 Ke6 87. Nf6 Bc6 88. Nxh5 Be8 89. Nf6 Bc6 90. h5 Kf7 91. d7 Ke7 92. h6
Kf7 93. d8=Q Kg6 94. Ng4 Bd7 95. Qf6+ Kh7 96. Qg7#
1-0

[Event "TV2 Fagernes International 2018"]
[Site "Scandic Hotel Fagernes"]
[Date "2018.03.25"]
[Round "5"]
[White "Sidali, Elias Hulleberg"]
[Black "Ayzenberg, Alena"]
[Result "1/2-1/2"]
[WhiteElo "1840"]
[BlackElo "1950"]
[PlyCount "63"]
[EventDate "2018.??.??"]

1. e4 c5 2. Nf3 e6 3. d3 Nc6 4. Nbd2 g6 5. g3 Bg7 6. Bg2 Nge7 7. O-O O-O 8. Re1
d6 9. c3 e5 10. a4 Rb8 11. Nc4 h6 12. Be3 Be6 13. Nfd2 b6 14. f4 exf4 15. Bxf4
Ne5 16. Nf3 N7c6 17. Ncxe5 dxe5 18. Be3 Qd7 19. Qd2 Na5 20. Ra3 Kh7 21. b4 cxb4
22. cxb4 Nb3 23. Qd1 Nd4 24. Bxd4 exd4 25. e5 Bg4 26. Re4 Bxf3 27. Bxf3 Qc7 28.
Ra2 Rbc8 29. Bg4 Qc1 30. Qxc1 Rxc1+ 31. Kg2 h5 32. Be2
1/2-1/2

[Event "TV2 Fagernes International 2018"]
[Site "Scandic Hotel Fagernes"]
[Date "2018.03.25"]
[Round "5"]
[White "Wright, Haakon"]
[Black "Narva, Regina"]
[Result "1/2-1/2"]
[WhiteElo "1798"]
[BlackElo "1939"]
[PlyCount "75"]
[EventDate "2018.??.??"]

1. d4 d5 2. Bf4 e6 3. e3 Nf6 4. Nd2 Bd6 5. Bg3 b6 6. c3 Bb7 7. Ngf3 Ne4 8. Nxe4
dxe4 9. Ne5 O-O 10. Be2 Nd7 11. Nc4 Be7 12. O-O Bh4 13. f4 f5 14. Bxh4 Qxh4 15.
Ne5 Nf6 16. Qe1 Qxe1 17. Rfxe1 Rad8 18. g4 Nd7 19. Rad1 Nxe5 20. dxe5 g6 21. g5
Kf7 22. Kf2 Ke7 23. Rxd8 Rxd8 24. Rd1 Rxd1 25. Bxd1 Ba6 26. Ke1 Bc4 27. a3 Kd7
28. Kd2 Bb5 29. b3 Ba6 30. c4 Ke7 31. Kc3 Kd7 32. b4 Bb7 33. a4 c5 34. a5 Bc6
35. Kb2 Kc7 36. Ka3 Bd7 37. axb6+ Kxb6 38. b5
1/2-1/2

[Event "TV2 Fagernes International 2018"]
[Site "Scandic Hotel Fagernes"]
[Date "2018.03.25"]
[Round "5"]
[White "Ukkelberg, Øyvind"]
[Black "Blazekovic, Nina"]
[Result "1-0"]
[WhiteElo "1939"]
[BlackElo "1825"]
[PlyCount "61"]
[EventDate "2018.??.??"]

1. e4 c5 2. Nf3 d6 3. d4 cxd4 4. Qxd4 Nc6 5. Bb5 Bd7 6. Bxc6 Bxc6 7. Nc3 Nf6 8.
Bg5 h6 9. Be3 e5 10. Qd3 Qd7 11. h3 Be7 12. O-O-O b5 13. Nh4 b4 14. Nd5 Bxd5
15. exd5 e4 16. Qa6 g5 17. Nf5 Rc8 18. g4 Rh7 19. Rhe1 Kf8 20. Re2 Rc7 21. Bd4
b3 22. axb3 Nxd5 23. Bg7+ Rxg7 24. Rxd5 Rc6 25. Qa4 Rg6 26. Rb5 Qc7 27. Ra5 Bd8
28. Rxa7 Qb6 29. Ra8 Rc5 30. Qd7 Kg8 31. Rxd8+
1-0

[Event "TV2 Fagernes International 2018"]
[Site "Scandic Hotel Fagernes"]
[Date "2018.03.25"]
[Round "5"]
[White "Helgøy, Håkon Hembre"]
[Black "Filen, Hannu"]
[Result "0-1"]
[WhiteElo "1483"]
[BlackElo "1930"]
[PlyCount "94"]
[EventDate "2018.??.??"]

1. d4 d5 2. Bf4 e6 3. e3 Bd6 4. Bg3 h5 5. Nf3 h4 6. Bxd6 cxd6 7. Nbd2 Nf6 8. c3
Nbd7 9. Qa4 Kf8 10. Qb4 Qb6 11. a3 a5 12. Qxb6 Nxb6 13. b4 axb4 14. cxb4 Bd7
15. Nb1 Rc8 16. Be2 Rc1+ 17. Bd1 h3 18. O-O hxg2 19. Kxg2 Ne4 20. Be2 Rc7 21.
Bd3 e5 22. Ng1 Ke7 23. f3 Nf6 24. Rf2 e4 25. Bf1 Rc1 26. Ne2 Re1 27. Nec3 Rxe3
28. Nb5 exf3+ 29. Kg1 Ng4 30. N1c3 Nxf2 31. Kxf2 Re6 32. Kxf3 Rxh2 33. Nc7 Rg6
34. N3xd5+ Nxd5 35. Nxd5+ Kd8 36. b5 Rg5 37. Bc4 Rh3+ 38. Kf2 Bxb5 39. Bxb5
Rxd5 40. Bc4 Rxd4 41. Bxf7 Rd2+ 42. Kg1 Rg3+ 43. Kh1 Rf2 44. Bd5 Rf6 45. Kh2
Rg5 46. Bg2 Rf2 47. Rg1 Rfxg2+
0-1

[Event "TV2 Fagernes International 2018"]
[Site "Scandic Hotel Fagernes"]
[Date "2018.03.25"]
[Round "5"]
[White "Myrheim, Håkon Abeland"]
[Black "Knutsen, Øystein"]
[Result "0-1"]
[WhiteElo "1914"]
[BlackElo "1815"]
[PlyCount "82"]
[EventDate "2018.??.??"]

1. e4 d6 2. d4 Nf6 3. Nc3 g6 4. Be3 c6 5. Qd2 Nbd7 6. f3 b5 7. Nge2 Bb7 8. g4
h5 9. g5 Nh7 10. h4 Bg7 11. Ng3 Nhf8 12. f4 Nb6 13. Be2 Nfd7 14. Nd1 Qc7 15.
Nf2 a6 16. Nh3 e6 17. O-O c5 18. Rad1 O-O 19. Kh2 Rad8 20. f5 Bxd4 21. Bxd4
cxd4 22. f6 d5 23. Bxh5 Nc4 24. Qe2 Ne3 25. Bxg6 fxg6 26. Nf4 Kf7 27. Nxg6 Rh8
28. Nxh8+ Rxh8 29. Kh3 Qe5 30. Nh5 Nf8 31. Rg1 Nxd1 32. g6+ Nxg6 33. Rxg6 Qxh5
34. Rg4 Ne3 35. Rg7+ Kxf6 36. Qxh5 Rxh5 37. Rxb7 Nxc2 38. exd5 Rxd5 39. Rc7 d3
40. a4 d2 41. Rxc2 d1=Q
0-1

[Event "TV2 Fagernes International 2018"]
[Site "Scandic Hotel Fagernes"]
[Date "2018.03.25"]
[Round "5"]
[White "Ranby, Hans"]
[Black "Tenold, Andreas"]
[Result "1-0"]
[WhiteElo "1902"]
[BlackElo "1755"]
[PlyCount "69"]
[EventDate "2018.??.??"]

1. b3 e5 2. Bb2 d6 3. c4 g6 4. Nc3 Bg7 5. e3 Nc6 6. d3 Nge7 7. Nf3 O-O 8. Be2
d5 9. cxd5 Nxd5 10. Qd2 Be6 11. O-O Qe7 12. Rac1 Rad8 13. Rfd1 f5 14. Qc2 Ndb4
15. Qb1 Nd5 16. Qa1 g5 17. Na4 Bc8 18. Nc3 Be6 19. Na4 Qf6 20. Rxc6 bxc6 21.
Nxe5 Qh6 22. Nxc6 Bxb2 23. Qxb2 Rd6 24. Ne5 g4 25. Qd2 f4 26. e4 Nf6 27. Nc5
Qg5 28. d4 Rfd8 29. Nxe6 Rxe6 30. Bc4 Rdd6 31. Qe2 f3 32. Bxe6+ Rxe6 33. Qc4
Nd5 34. Qxd5 Qf6 35. Rc1
1-0

[Event "TV2 Fagernes International 2018"]
[Site "Scandic Hotel Fagernes"]
[Date "2018.03.25"]
[Round "5"]
[White "Sørensen, Simen"]
[Black "Mansoor, Afras"]
[Result "0-1"]
[WhiteElo "1821"]
[BlackElo "1898"]
[PlyCount "50"]
[EventDate "2018.??.??"]

1. e4 e5 2. Nf3 Nc6 3. Bc4 Nf6 4. d3 Bc5 5. O-O O-O 6. c3 d5 7. exd5 Nxd5 8.
Nbd2 Nb6 9. Bb5 Bd6 10. Bxc6 bxc6 11. d4 exd4 12. Nxd4 c5 13. N4f3 Bb7 14. Re1
Re8 15. b3 Nd5 16. Bb2 Rxe1+ 17. Qxe1 Nf4 18. Qf1 Qf6 19. Kh1 Qg6 20. Ba3 Re8
21. Re1 Rd8 22. Rd1 Bf8 23. Bc1 Qg4 24. Re1 Rxd2 25. Bxd2 Nxg2
0-1

[Event "TV2 Fagernes International 2018"]
[Site "Scandic Hotel Fagernes"]
[Date "2018.03.25"]
[Round "5"]
[White "Gundersen, Ingvar"]
[Black "Nordquelle, Amelia"]
[Result "1-0"]
[WhiteElo "1888"]
[BlackElo "1683"]
[PlyCount "35"]
[EventDate "2018.??.??"]

1. e4 e5 2. d4 exd4 3. c3 dxc3 4. Bc4 Nc6 5. Nxc3 Bc5 6. Nf3 d6 7. Ng5 Ne5 8.
Bb3 h6 9. f4 Bg4 10. fxe5 Bxd1 11. Bxf7+ Kd7 12. Be6+ Kc6 13. Bd5+ Kb6 14. Ne6
Qh4+ 15. g3 Qg4 16. Nxd1 c6 17. Ne3 Qg6 18. Nc4+
1-0

[Event "TV2 Fagernes International 2018"]
[Site "Scandic Hotel Fagernes"]
[Date "2018.03.25"]
[Round "5"]
[White "Kaunonen, Jouni"]
[Black "Fuglestein, Sander"]
[Result "0-1"]
[WhiteElo "1647"]
[BlackElo "1886"]
[PlyCount "52"]
[EventDate "2018.??.??"]

1. d4 d5 2. c4 e6 3. Nc3 Nf6 4. e3 c6 5. Nf3 Bd6 6. Bd3 O-O 7. O-O Nbd7 8. a3
Re8 9. b4 Qe7 10. Bb2 e5 11. dxe5 Nxe5 12. cxd5 Nxf3+ 13. gxf3 Bh3 14. Re1 Nh5
15. Ne4 Qh4 16. f4 Rxe4 17. Bxe4 Nxf4 18. exf4 Qxf4 19. Be5 Bxe5 20. Bxh7+ Kh8
21. Rxe5 Qxe5 22. f4 Qxf4 23. Bc2 Qg5+ 24. Kf2 Re8 25. Qf3 Qd2+ 26. Kg3 Re3
0-1

[Event "TV2 Fagernes International 2018"]
[Site "Scandic Hotel Fagernes"]
[Date "2018.03.25"]
[Round "5"]
[White "Skrede, Snorre"]
[Black "Unhjem, Bjørn Robert Løvoll"]
[Result "1-0"]
[WhiteElo "1870"]
[BlackElo "1698"]
[PlyCount "79"]
[EventDate "2018.??.??"]

1. d4 Nf6 2. Bf4 Nd5 3. Bg3 e6 4. e3 c5 5. c3 d6 6. Bd3 Nc6 7. Nf3 Be7 8. O-O
Nc7 9. Qc2 cxd4 10. Nxd4 g6 11. Nd2 Bd7 12. Nxc6 Bxc6 13. e4 Qd7 14. a4 Bf6 15.
Nc4 Be7 16. e5 dxe5 17. Nxe5 Qc8 18. Rfd1 Nd5 19. Nxc6 bxc6 20. Qe2 O-O 21. Ba6
Qe8 22. Bb7 Rd8 23. Qa6 Bc5 24. Bxc6 Qe7 25. Bxd5 exd5 26. Re1 Qg5 27. b4 Be7
28. Qxa7 Bf6 29. Qe3 Qf5 30. Be5 Rfe8 31. f4 Bh4 32. g3 Be7 33. Bd4 Bf6 34. Qf2
Re4 35. b5 Be7 36. b6 Bd6 37. a5 g5 38. Rxe4 dxe4 39. fxg5 Qxf2+ 40. Kxf2
1-0

[Event "TV2 Fagernes International 2018"]
[Site "Scandic Hotel Fagernes"]
[Date "2018.03.25"]
[Round "5"]
[White "Haynes, Noah"]
[Black "Melkevik, Johannes"]
[Result "0-1"]
[WhiteElo "1648"]
[BlackElo "1865"]
[PlyCount "62"]
[EventDate "2018.??.??"]

1. d4 d6 2. c4 f5 3. Nc3 Nf6 4. Nf3 g6 5. h4 Bg7 6. g3 O-O 7. Bg2 Qe8 8. Bf4
Nh5 9. Qd3 Nc6 10. Qd2 e5 11. dxe5 dxe5 12. Bh6 e4 13. Nh2 Qf7 14. Bxg7 Kxg7
15. Nd5 Nf6 16. Qc3 Kg8 17. Qxf6 Qxf6 18. Nxf6+ Rxf6 19. O-O-O Be6 20. b3 Rff8
21. f3 exf3 22. exf3 f4 23. g4 h6 24. Rhe1 Rae8 25. g5 hxg5 26. hxg5 Bf5 27.
Bf1 Ne5 28. Be2 Re7 29. Nf1 Rfe8 30. Kd2 Bd3 31. Bxd3 Nxf3+
0-1

[Event "TV2 Fagernes International 2018"]
[Site "Scandic Hotel Fagernes"]
[Date "2018.03.25"]
[Round "5"]
[White "Rolstad, Morten"]
[Black "Gaure, Sigurd Lauvas"]
[Result "1-0"]
[WhiteElo "1850"]
[BlackElo "1552"]
[PlyCount "51"]
[EventDate "2018.??.??"]

1. e4 c5 2. Nc3 Nc6 3. f4 d6 4. Nf3 Bg4 5. Bb5 a6 6. Bxc6+ bxc6 7. d3 d5 8. O-O
g6 9. b3 Bg7 10. e5 f6 11. h3 Bxf3 12. Qxf3 e6 13. Na4 Qe7 14. Ba3 fxe5 15.
fxe5 Bxe5 16. Bxc5 Qg7 17. Qg4 Bxa1 18. Qxe6+ Ne7 19. Bxe7 Qxe7 20. Qxc6+ Qd7
21. Qxa8+ Ke7 22. Qxa6 Bd4+ 23. Kh1 Rc8 24. c4 dxc4 25. dxc4 Qc7 26. Qb5
1-0

[Event "TV2 Fagernes International 2018"]
[Site "Scandic Hotel Fagernes"]
[Date "2018.03.25"]
[Round "5"]
[White "Larre, Linnea"]
[Black "Mikelsen, Mattis"]
[Result "1-0"]
[WhiteElo "1347"]
[BlackElo "1849"]
[PlyCount "51"]
[EventDate "2018.??.??"]

1. e4 c6 2. d4 d5 3. exd5 cxd5 4. Bd3 Nc6 5. c3 Nf6 6. Bf4 g6 7. Nd2 Bg7 8.
Ngf3 O-O 9. O-O Nh5 10. Be3 f5 11. Nb3 f4 12. Bd2 e5 13. dxe5 Nxe5 14. Nxe5
Bxe5 15. Re1 Qd6 16. Qe2 Bg7 17. Qe7 Qc6 18. Qc5 f3 19. g3 Qd7 20. Re7 Qd8 21.
Bg5 Bf6 22. Bxf6 Nxf6 23. Rae1 Rf7 24. Bb5 Bg4 25. Qe3 Qc8 26. Rxf7
1-0